Romance in the outfield (Record no. 353498)
[ view plain ]
| 000 -LEADER | |
|---|---|
| fixed length control field | 02830cgm a2200589 i 4500 |
| 001 - CONTROL NUMBER | |
| control field | sky301273871 |
| 003 - CONTROL NUMBER IDENTIFIER | |
| control field | SKY |
| 005 - DATE AND TIME OF LATEST TRANSACTION | |
| control field | 20200914174442.0 |
| 007 - PHYSICAL DESCRIPTION FIXED FIELD--GENERAL INFORMATION | |
| fixed length control field | vd cvaizq |
| 008 - FIXED-LENGTH DATA ELEMENTS--GENERAL INFORMATION | |
| fixed length control field | 200518s2020 azu090 vleng d |
| 020 ## - INTERNATIONAL STANDARD BOOK NUMBER | |
| International Standard Book Number | 9781970139488 |
| 024 1# - OTHER STANDARD IDENTIFIER | |
| Standard number or code | 0095163891121 |
| 028 42 - PUBLISHER NUMBER | |
| Publisher number | 169422 |
| Source | Bridgestone Multimedia Group |
| 028 42 - PUBLISHER NUMBER | |
| Publisher number | DVRM0F 891121 |
| 040 ## - CATALOGING SOURCE | |
| Original cataloging agency | TEFMT |
| Language of cataloging | eng |
| Description conventions | rda |
| Transcribing agency | TEFMT |
| Modifying agency | OCLCO |
| -- | TEF |
| -- | OCLCF |
| -- | CoBoFLC |
| 092 ## - LOCALLY ASSIGNED DEWEY CALL NUMBER (OCLC) | |
| Classification number | DVD |
| Item number | Romance |
| 245 00 - TITLE STATEMENT | |
| Title | Romance in the outfield |
| Medium | [dvd] : |
| Remainder of title | double play / |
| Statement of responsibility, etc | Star Mountain Films Production presents a Randolph & Rebecca Sternberfg film ; written by L.L. Randolph ; directed by Becky & Randy Sternberg. |
| 250 ## - EDITION STATEMENT | |
| Edition statement | Widescreen format. |
| 264 #1 - Production, Publication, Distribution, Manufacture, and Copyright Notice. | |
| Place of production, publication, distribution, manufacture | Tempe, AZ : |
| Name of producer, publisher, distributor, manufacturer | Bridgestone Multimedia Group, |
| Date of production, publication, distribution, manufacture, or copyr | [2020] |
| 264 #4 - Production, Publication, Distribution, Manufacture, and Copyright Notice. | |
| Date of production, publication, distribution, manufacture, or copyr | ©2020. |
| 300 ## - PHYSICAL DESCRIPTION | |
| Extent | 1 videodisc (90 min.) : |
| Other physical details | sound, color ; |
| Dimensions | 4 3/4 in. |
| 336 ## - Content Type | |
| Content type term | two-dimensional moving image |
| 337 ## - Media type | |
| Media type term | video |
| 338 ## - Carrier type | |
| Carrier type term | videodisc |
| 508 ## - CREATION/PRODUCTION CREDITS NOTE | |
| Creation/production credits note | Edited by Gregory John Norris; director of photography, Michael Reese; music by Donny Gilbert. |
| 511 1# - PARTICIPANT OR PERFORMER NOTE | |
| Participant or performer note | Derek Boone, Monica Moore-smith, Shae Robins, Shawn Carter, Dan Fowlks. |
| 520 ## - SUMMARY, ETC. | |
| Summary, etc | When Tyler comes home from an injury that could end his career and has him coaching in a high-stake game of softball, against Kenzie, a pretty face, and a feisty coach, where they have a history together. They don't exactly hit it off in the game opener where she pitches him some love of her own, but in the game of love, competitiveness and love don't mix. They must rekindle the love they once had and learn to forgive and forget leaving behind their complicated history. |
| 521 8# - TARGET AUDIENCE NOTE | |
| Target audience note | Rating: PG. |
| 538 ## - SYSTEM DETAILS NOTE | |
| System details note | DVD, Dolby digital 5.1; wide screen (16x9). |
| 546 ## - LANGUAGE NOTE | |
| Language note | Closed captioned. |
| 650 #0 - SUBJECT ADDED ENTRY--TOPICAL TERM | |
| Topical term or geographic name as entry element | Softball |
| General subdivision | Coaching |
| Form subdivision | Drama. |
| 9 (RLIN) | 6374042 |
| 650 #0 - SUBJECT ADDED ENTRY--TOPICAL TERM | |
| Topical term or geographic name as entry element | Softball teams |
| Form subdivision | Drama. |
| 9 (RLIN) | 6374043 |
| 650 #0 - SUBJECT ADDED ENTRY--TOPICAL TERM | |
| Topical term or geographic name as entry element | Man-woman relationships |
| Form subdivision | Drama. |
| 9 (RLIN) | 5673977 |
| 650 #0 - SUBJECT ADDED ENTRY--TOPICAL TERM | |
| Topical term or geographic name as entry element | Softball |
| Form subdivision | Juvenile films. |
| 9 (RLIN) | 6374044 |
| 650 #0 - SUBJECT ADDED ENTRY--TOPICAL TERM | |
| Topical term or geographic name as entry element | Softball teams |
| Form subdivision | Juvenile films. |
| 9 (RLIN) | 6374045 |
| 655 #0 - INDEX TERM--GENRE/FORM | |
| Genre/form data or focus term | Children's films. |
| 9 (RLIN) | 6374046 |
| 655 #0 - INDEX TERM--GENRE/FORM | |
| Genre/form data or focus term | DVD-Video discs. |
| 9 (RLIN) | 6374047 |
| 655 #0 - INDEX TERM--GENRE/FORM | |
| Genre/form data or focus term | Films for the hearing impaired. |
| 9 (RLIN) | 6374048 |
| 655 #0 - INDEX TERM--GENRE/FORM | |
| Genre/form data or focus term | Closed captioned recordings for the hearing impaired. |
| 9 (RLIN) | 6374049 |
| 700 1# - ADDED ENTRY--PERSONAL NAME | |
| Personal name | Sternberg, Randolph, |
| Relator term | director. |
| 9 (RLIN) | 6374050 |
| 700 1# - ADDED ENTRY--PERSONAL NAME | |
| Personal name | Sternberg, Rebecca, |
| Relator term | director. |
| 9 (RLIN) | 6374051 |
| 700 1# - ADDED ENTRY--PERSONAL NAME | |
| Personal name | Randolph, L. L. |
| 9 (RLIN) | 6374052 |
| 700 1# - ADDED ENTRY--PERSONAL NAME | |
| Personal name | Boone, Derek, |
| Relator term | actor. |
| 9 (RLIN) | 6374053 |
| 700 1# - ADDED ENTRY--PERSONAL NAME | |
| Personal name | Moore-Smith, Monica, |
| Relator term | actor. |
| 9 (RLIN) | 6374054 |
| 700 1# - ADDED ENTRY--PERSONAL NAME | |
| Personal name | Robins, Shae, |
| Relator term | actor. |
| 9 (RLIN) | 6374055 |
| 700 1# - ADDED ENTRY--PERSONAL NAME | |
| Personal name | Carter, Shawn, |
| Relator term | actor. |
| 9 (RLIN) | 6374056 |
| 710 2# - ADDED ENTRY--CORPORATE NAME | |
| Corporate name or jurisdiction name as entry element | Star Mountain Films Production. |
| 9 (RLIN) | 6374057 |
| 710 2# - ADDED ENTRY--CORPORATE NAME | |
| Corporate name or jurisdiction name as entry element | Star Mountain Films. |
| 9 (RLIN) | 6374058 |
| 710 2# - ADDED ENTRY--CORPORATE NAME | |
| Corporate name or jurisdiction name as entry element | Bridgestone Group. |
| 9 (RLIN) | 64734 |
| 907 ## - LOCAL DATA ELEMENT G, LDG (RLIN) | |
| a | .b429910642 |
| 942 ## - ADDED ENTRY ELEMENTS (KOHA) | |
| Source of classification or shelving scheme | Dewey Decimal Classification |
| Koha item type | DVD |
| Withdrawn status | Lost status | Source of classification or shelving scheme | Damaged status | Not for loan | Collection code | Home library | Current library | Shelving location | Date acquired | Source of acquisition | Total Checkouts | Total Renewals | Full call number | Barcode | Date last seen | Date checked out | Cost, replacement price | Price effective from | Koha item type |
|---|---|---|---|---|---|---|---|---|---|---|---|---|---|---|---|---|---|---|---|
| Dewey Decimal Classification | Movies | Wasatch County Library | Wasatch County Library | Audio Visual Area | 09/14/2020 | Deseret Book | 7 | 5 | DVD Rom | 34301001660572 | 11/14/2024 | 11/08/2024 | 9.99 | 09/14/2020 | DVD |
